[Event "Warsaw Przepiorka Memorial"]
[Site "Warsaw"]
[Date "2019.12.30"]
[Round "7"]
[White "Wielecki, Zygmunt"]
[Black "Harazinska, Magdalena"]
[Result "0-1"]
[WhiteElo "2095"]
[BlackElo "1994"]
[PlyCount "70"]
[EventDate "2019.12.27"]
[EventType "swiss"]
[EventRounds "9"]
[EventCountry "POL"]
[SourceTitle "CBM 194 Extra"]
[Source "ChessBase"]
[SourceDate "2020.03.31"]
[SourceVersion "1"]
[SourceVersionDate "2020.03.31"]
[SourceQuality "1"]

1. Nf3 d5 2. b3 Nf6 3. Bb2 c5 4. e3 Nc6 5. d3 Bg4 6. Be2 e6 7. Nbd2 Be7 8. 0-0 Qc7 9. c4 0-0 10. Re1 Rfd8 11. a3 a6 12. Qc2 Rac8 13. Rac1 dxc4 14. bxc4 h6 15. Rb1 Rb8 16. Bf1 Nd7 17. d4 cxd4 18. exd4 Nf6 19. Rbc1 Bf5 20. Bd3 Bxd3 21. Qxd3 Qa5 22. Nf1 Rbc8 23. Qb3 b5 24. Ne3 bxc4 25. Rxc4 Qb5 26. Qc2 Na7 27. a4 Qb7 28. Ne5 Rxc4 29. N3xc4 Nc6 30. Rd1 Nb4 31. Qe2 Qe4 32. Qxe4 Nxe4 33. Ba3 Nc3 34. Re1 Rxd4 35. Ne3 Nxa4 0-1

[Event "Warsaw Przepiorka Memorial"]
[Site "Warsaw"]
[Date "2019.12.28"]
[Round "3"]
[White "Szewczyk, Mariusz1111"]
[Black "Wielecki, Zygmunt"]
[Result "1-0"]
[WhiteElo "2022"]
[BlackElo "2095"]
[PlyCount "65"]
[EventDate "2019.12.27"]
[EventType "swiss"]
[EventRounds "9"]
[EventCountry "POL"]
[SourceTitle "CBM 194 Extra"]
[Source "ChessBase"]
[SourceDate "2020.03.31"]
[SourceVersion "1"]
[SourceVersionDate "2020.03.31"]
[SourceQuality "1"]

1. e4 c5 2. Nf3 e6 3. c3 d5 4. exd5 exd5 5. d4 Nc6 6. Bb5 cxd4 7. Nxd4 Bd7 8. 0-0 Nf6 9. Bg5 Be7 10. Bxf6 Bxf6 11. Re1+ Kf8 12. Qb3 Nxd4 13. cxd4 Be6 14. Nc3 g6 15. Be2 Qb6 16. Qxb6 axb6 17. Red1 Ke7 18. Bf3 Rhd8 19. Rac1 Rac8 20. Rc2 Rc4 21. Rcd2 Kd6 22. Be2 Rcc8 23. f4 g5 24. fxg5 Bxg5 25. Rc2 h6 26. Kf2 Bf6 27. Bf3 Rc4 28. Nb5+ Ke7 29. Rxc4 dxc4 30. Bxb7 Bd7 31. Nc3 Bg4 32. Re1+ Kd7 33. Nb5 1-0

[Event "IPCA Wch 19th"]
[Site "Ruzomberok"]
[Date "2019.06.29"]
[Round "2"]
[White "Wielecki, Zygmunt"]
[Black "Gurbanov, Andrei"]
[Result "0-1"]
[WhiteElo "2145"]
[BlackElo "2300"]
[PlyCount "58"]
[EventDate "2019.06.28"]
[EventType "swiss"]
[EventRounds "9"]
[EventCountry "SVK"]
[SourceTitle "CBM 191 Extra"]
[Source "ChessBase"]
[SourceDate "2019.09.30"]
[SourceVersion "1"]
[SourceVersionDate "2019.09.30"]
[SourceQuality "1"]

1. e4 e5 2. Nf3 Nc6 3. Bb5 a6 4. Ba4 g6 5. 0-0 Bg7 6. c3 Nge7 7. d4 exd4 8. cxd4 b5 9. Bb3 Na5 10. Bc2 0-0 11. Qe1 Nc4 12. a4 bxa4 13. Rxa4 Nb6 14. Ra1 d6 15. h3 Re8 16. Qd1 Bb7 17. Re1 Nc6 18. Nc3 h6 19. Bb3 a5 20. Nd5 Nb4 21. Nxb4 axb4 22. Rxa8 Qxa8 23. d5 Re7 24. Qc2 c5 25. Bf4 Qd8 26. e5 Bxd5 27. Bxd5 Nxd5 28. Bg3 dxe5 29. Qxc5 f6 0-1

[Event "POL-chT 2nd League"]
[Site "Jastrzebia Gora"]
[Date "2018.09.09"]
[Round "9.12"]
[White "Konieczynski, Piotr"]
[Black "Wielecki, Zygmunt"]
[Result "1/2-1/2"]
[WhiteElo "1884"]
[BlackElo "2151"]
[PlyCount "138"]
[EventDate "2018.09.01"]
[EventType "team-swiss"]
[EventRounds "9"]
[EventCountry "POL"]
[SourceTitle "CBM 186 Extra"]
[Source "ChessBase"]
[SourceDate "2018.08.24"]
[SourceVersion "1"]
[SourceVersionDate "2018.08.24"]
[SourceQuality "1"]
[WhiteTeam "Znin Baszta"]
[BlackTeam "Gdansk Korona"]
[WhiteTeamCountry "POL"]
[BlackTeamCountry "POL"]

1. d4 Nf6 2. c4 g6 3. Nc3 Bg7 4. Nf3 0-0 5. Bf4 d6 6. h3 a6 7. e3 c6 8. Be2 b5 9. a3 Nbd7 10. 0-0 bxc4 11. Bxc4 Nb6 12. Ba2 Nfd5 13. Nxd5 cxd5 14. Rc1 a5 15. Bb1 Nc4 16. Nd2 Nxb2 17. Qc2 Nc4 18. Qc3 Ba6 19. Nxc4 dxc4 20. Be4 d5 21. Bf3 Bb5 22. Rb1 Qd7 23. Rb2 Ba4 24. Bd1 Bc6 25. Be2 Rfe8 26. Rfb1 e6 27. Rb6 Bf6 28. e4 Rec8 29. exd5 Bxd5 30. Bd6 Bd8 31. Be5 Bc7 32. R6b5 Bxe5 33. dxe5 Qc7 34. f4 Rab8 35. Rxb8 Rxb8 36. Rxb8+ Qxb8 37. Qxa5 Kg7 38. Kh2 Qb3 39. Qc5 Qb7 40. Bf1 Qb1 41. Be2 Qe4 42. Qf2 g5 43. fxg5 Qxe5+ 44. Kg1 Qxg5 45. Bxc4 Qc1+ 46. Bf1 Qxa3 47. Qd4+ Kg8 48. Qf4 Qa7+ 49. Kh2 Qb6 50. Qg5+ Kf8 51. Qf4 Ke8 52. Bd3 Qb2 53. Qg5 h6 54. Qg4 Qe5+ 55. Kh1 Qe3 56. Be2 Ke7 57. Qb4+ Kf6 58. Qh4+ Qg5 59. Qd4+ Qe5 60. Qh4+ Kg7 61. Qg4+ Kh8 62. Bf3 Kh7 63. Bxd5 exd5 64. Qf3 Kg6 65. Qg4+ Qg5 66. Qd7 Qc1+ 67. Kh2 Qf4+ 68. Kh1 d4 69. Qd8 Qf1+ 1/2-1/2

[Event "Wisla op"]
[Site "Wisla"]
[Date "2009.05.12"]
[Round "11"]
[White "Wielecki, Zygmunt"]
[Black "Pela, Edward"]
[Result "1/2-1/2"]
[WhiteElo "2282"]
[BlackElo "1951"]
[PlyCount "35"]
[EventDate "2009.05.04"]
[EventType "swiss"]
[EventRounds "11"]
[EventCountry "POL"]
[SourceTitle "EXT 2012"]
[Source "ChessBase"]
[SourceDate "2011.11.24"]
[SourceVersion "1"]
[SourceVersionDate "2011.11.24"]
[SourceQuality "1"]

1. e4 c5 2. Nf3 d6 3. d4 cxd4 4. Nxd4 Nf6 5. Nc3 a6 6. Be3 Ng4 7. Bg5 h6 8. Bh4 g5 9. Bg3 Bg7 10. Qd2 Nc6 11. Nb3 Nf6 12. f3 b5 13. 0-0-0 Bd7 14. h4 g4 15. f4 b4 16. Nd5 Nxe4 17. Qe3 Nxg3 18. Qxg3 1/2-1/2

[Event "IPCA Wch-B 8th"]
[Site "Wisla"]
[Date "2007.05.23"]
[Round "9"]
[White "Wielecki, Zygmunt"]
[Black "Beliaev, Vasily"]
[Result "1-0"]
[WhiteElo "2270"]
[BlackElo "2112"]
[PlyCount "83"]
[EventDate "2007.05.15"]
[EventType "swiss"]
[EventRounds "9"]
[EventCountry "POL"]
[SourceTitle "EXT 2011"]
[Source "ChessBase"]
[SourceDate "2010.11.26"]
[SourceVersion "1"]
[SourceVersionDate "2010.11.26"]
[SourceQuality "1"]

1. d4 Nf6 2. c4 e6 3. Nf3 Bb4+ 4. Bd2 Qe7 5. g3 Nc6 6. Bg2 0-0 7. 0-0 d5 8. b3 Bxd2 9. Nbxd2 Rd8 10. e3 e5 11. Nxe5 Nxe5 12. dxe5 Qxe5 13. cxd5 Nxd5 14. Nc4 Qf6 15. Bxd5 c6 16. Bxf7+ Kxf7 17. Qh5+ Kg8 18. e4 g6 19. Qe2 b5 20. Ne3 Re8 21. f3 a5 22. Rac1 a4 23. b4 a3 24. Qd2 Rd8 25. Qc3 Qxc3 26. Rxc3 Rd2 27. Rf2 Rb2 28. Rxc6 Rxb4 29. Nd5 Rb1+ 30. Rf1 Rxf1+ 31. Kxf1 Bh3+ 32. Kf2 b4 33. Rb6 Rd8 34. g4 Rf8 35. Kg3 Bf1 36. Rxb4 Kg7 37. Ra4 Rc8 38. Rxa3 g5 39. Ra7+ Kh6 40. Ne7 Rc2 41. Nf5+ Kg6 42. Ne3 1-0

[Event "Wisla Fianchetto op 5th"]
[Site "Wisla"]
[Date "2000.10.16"]
[Round "11.1"]
[White "Kaczorowski, Piotr"]
[Black "Wielecki, Zygmunt"]
[Result "0-1"]
[WhiteElo "2181"]
[BlackElo "2254"]
[PlyCount "120"]
[EventDate "2000.10.??"]
[EventType "swiss"]
[EventRounds "11"]
[EventCountry "POL"]
[SourceTitle "EXT 2005"]
[Source "ChessBase"]
[SourceDate "2004.11.15"]
[SourceVersion "1"]
[SourceVersionDate "2004.11.15"]
[SourceQuality "1"]

1. d4 Nf6 2. c4 e6 3. Nc3 Bb4 4. e3 c6 5. Nf3 d6 6. Qb3 Ba5 7. Bd3 0-0 8. 0-0 Nbd7 9. e4 e5 10. Bg5 h6 11. Bh4 Re8 12. dxe5 dxe5 13. Qa3 Qb6 14. Na4 Qb4 15. Qxb4 Bxb4 16. a3 Bf8 17. b4 Nh5 18. Rfd1 Nf4 19. Bf1 g5 20. Bg3 Nf6 21. Nc3 Bg4 22. h4 Bxf3 23. gxf3 Ng6 24. hxg5 hxg5 25. Bh3 Kg7 26. Rd3 a5 27. bxa5 Rxa5 28. a4 Bc5 29. Rb1 b6 30. Bg4 Nf8 31. Kg2 Ra7 32. Bf5 Ng8 33. Kf1 f6 34. Ke2 Ne7 35. Bg4 Neg6 36. Kd2 Ne6 37. Bxe6 Rxe6 38. Kc2 Nf8 39. Kb3 Ree7 40. Rbd1 Ne6 41. Ne2 Kf7 42. R1d2 Bd4 43. Nxd4 Nxd4+ 44. Rxd4 exd4 45. Rxd4 Red7 46. Rxd7+ Rxd7 47. c5 bxc5 48. Kc4 Rd4+ 49. Kxc5 Rxa4 50. Kxc6 f5 51. exf5 Kf6 52. Kd5 Kxf5 53. Bc7 Ra3 54. Bb6 Rxf3 55. Kd6 g4 56. Ke7 Ke4 57. Ke6 Kd3 58. Ke5 Ke2 59. Ke4 Rxf2 60. Bxf2 Kxf2 0-1

[Event "Wisla Fianchetto op 5th"]
[Site "Wisla"]
[Date "2000.10.14"]
[Round "9.1"]
[White "Kozicz, Andrzej"]
[Black "Wielecki, Zygmunt"]
[Result "0-1"]
[WhiteElo "2038"]
[BlackElo "2254"]
[PlyCount "130"]
[EventDate "2000.10.??"]
[EventType "swiss"]
[EventRounds "11"]
[EventCountry "POL"]
[SourceTitle "EXT 2005"]
[Source "ChessBase"]
[SourceDate "2004.11.15"]
[SourceVersion "1"]
[SourceVersionDate "2004.11.15"]
[SourceQuality "1"]

1. e4 e5 2. Nf3 Nc6 3. Bb5 a6 4. Ba4 Nf6 5. 0-0 Be7 6. Re1 b5 7. Bb3 d6 8. h3 Na5 9. c3 Nxb3 10. Qxb3 0-0 11. d3 c5 12. Nbd2 Qc7 13. Nf1 a5 14. Ng3 a4 15. Qc2 g6 16. Bh6 Re8 17. Rad1 Be6 18. Qb1 c4 19. d4 a3 20. d5 Bd7 21. Rd2 axb2 22. Rxb2 Ra3 23. Qc2 Rea8 24. Ra1 Qa5 25. Ne2 Ne8 26. g4 Nc7 27. Kh2 Na6 28. Be3 Bd8 29. Nd2 Ra4 30. Rf1 Nb8 31. Nc1 g5 32. Nb1 f6 33. Qd2 Qc7 34. f3 Na6 35. Kg3 Be8 36. Rh1 Qe7 37. a3 Rb8 38. Qf2 h5 39. gxh5 Nc5 40. h4 gxh4+ 41. Kh2 Kh7 42. Qxh4 f5 43. Qxe7+ Bxe7 44. Rg2 fxe4 45. Bxc5 exf3 46. Rg3 dxc5 47. Rxf3 b4 48. axb4 cxb4 49. cxb4 Rbxb4 50. Nc3 Ra3 51. Re1 Rb2+ 52. Re2 Rxe2+ 53. N1xe2 Rb3 54. Ng3 Rb2+ 55. Kg1 Bc5+ 56. Kf1 Bd4 57. Nce4 Rb3 58. Rf6 c3 59. Ng5+ Kg8 60. h6 Rb1+ 61. Kg2 Rb2+ 62. Kh3 Bd7+ 63. Nf5 Bxf5+ 64. Rxf5 Rf2 65. h7+ Kh8 0-1

[Event "Wisla Fianchetto op 5th"]
[Site "Wisla"]
[Date "2000.10.09"]
[Round "4.4"]
[White "Gigon, Stanislaw"]
[Black "Wielecki, Zygmunt"]
[Result "0-1"]
[WhiteElo "2040"]
[BlackElo "2254"]
[PlyCount "114"]
[EventDate "2000.10.??"]
[EventType "swiss"]
[EventRounds "11"]
[EventCountry "POL"]
[SourceTitle "EXT 2005"]
[Source "ChessBase"]
[SourceDate "2004.11.15"]
[SourceVersion "1"]
[SourceVersionDate "2004.11.15"]
[SourceQuality "1"]

1. e4 c5 2. Nf3 e6 3. c3 d5 4. exd5 exd5 5. d4 Nc6 6. Bb5 a6 7. Bxc6+ bxc6 8. 0-0 f6 9. Re1+ Kf7 10. Be3 c4 11. Nbd2 Bd6 12. Nh4 Ne7 13. Qf3 Qd7 14. h3 h5 15. Nf1 Nf5 16. Nxf5 Qxf5 17. Qxf5 Bxf5 18. Rad1 Rab8 19. Bc1 Bc2 20. Rd2 Bb1 21. a3 Bd3 22. Rdd1 Rhe8 23. f3 Be2 24. Rd2 Bf4 25. Rc2 Bd3 26. Rxe8 Rxe8 27. Bxf4 Bxc2 28. Kf2 Bd3 29. Ne3 g5 30. Bd6 Re6 31. Bc5 h4 32. a4 f5 33. Ba3 a5 34. Bc5 Re8 35. Bd6 Rc8 36. f4 Ke6 37. Be5 gxf4 38. Bxf4 c5 39. dxc5 Rxc5 40. Bg5 Rc8 41. Bxh4 Rb8 42. Kf3 Be4+ 43. Kf4 Rxb2 44. Bd8 Bxg2 45. Bxa5 Bxh3 46. Bc7 Rb3 47. a5 Rxc3 48. Bb6 Ra3 49. Nc2 Ra4 50. Nd4+ Kf6 51. Ke3 Ra3+ 52. Kd2 f4 53. Nb5 Rd3+ 54. Ke2 Bg4+ 55. Ke1 Bc8 56. Nc7 c3 57. Ke2 c2 0-1

[Event "Polanica Zdroj op-A"]
[Site "Polanica Zdroj"]
[Date "2000.08.17"]
[Round "1"]
[White "Malaniuk, Vladimir P"]
[Black "Wielecki, Zygmunt"]
[Result "1-0"]
[WhiteElo "2548"]
[BlackElo "2254"]
[PlyCount "67"]
[EventDate "2000.08.17"]
[EventType "swiss"]
[EventRounds "10"]
[EventCountry "POL"]
[SourceTitle "EXT 2001"]
[Source "ChessBase"]
[SourceDate "2000.11.22"]
[SourceVersion "1"]
[SourceVersionDate "2000.11.22"]
[SourceQuality "1"]

1. d4 Nf6 2. Nf3 g6 3. g3 Bg7 4. Bg2 0-0 5. c4 Na6 6. 0-0 c5 7. Nc3 b6 8. e4 Nc7 9. e5 Nfe8 10. Re1 Rb8 11. Be3 cxd4 12. Nxd4 Ba6 13. Bf4 Bxc4 14. Qa4 Ba6 15. Rad1 Qc8 16. Rc1 Bb7 17. Qxa7 Bxg2 18. Kxg2 Qb7+ 19. Qxb7 Rxb7 20. Rcd1 f6 21. e6 Nxe6 22. Nxe6 dxe6 23. Rxe6 g5 24. Bd2 Nd6 25. Nd5 Kf7 26. Rde1 Nc8 27. Bb4 Re8 28. g4 b5 29. Ba5 h5 30. h4 gxh4 31. gxh5 Rh8 32. R1e2 Rd7 33. Nc3 b4 34. Bxb4 1-0

[Event "Polanica Zdroj op"]
[Site "Polanica Zdroj"]
[Date "1999.08.17"]
[Round "1"]
[White "Wielecki, Zygmunt"]
[Black "Vaulin, Alexander"]
[Result "0-1"]
[WhiteElo "2231"]
[BlackElo "2492"]
[PlyCount "81"]
[EventDate "1999.08.17"]
[EventType "swiss"]
[EventRounds "10"]
[EventCountry "POL"]
[SourceTitle "EXT 2000"]
[Source "ChessBase"]
[SourceDate "1999.11.16"]
[SourceVersion "1"]
[SourceVersionDate "1999.11.16"]
[SourceQuality "1"]

1. Nf3 c5 2. e3 g6 3. Be2 Bg7 4. 0-0 Nf6 5. b3 0-0 6. Bb2 Nc6 7. d3 Re8 8. Nbd2 e5 9. Ne4 d6 10. c4 b6 11. Nfd2 d5 12. Nxf6+ Bxf6 13. cxd5 Qxd5 14. f4 Qd8 15. Bf3 Bb7 16. fxe5 Bxe5 17. Bxe5 Rxe5 18. Nc4 Re7 19. Bxc6 Bxc6 20. Rf6 Qd5 21. Qf1 Rd8 22. Qf2 Bb7 23. Rf1 Qxd3 24. h4 Bd5 25. h5 Bxc4 26. bxc4 Qxc4 27. h6 Qd5 28. Qb2 Rde8 29. Rxb6 f5 30. Rb3 c4 31. Rc3 Qc5 32. Kh1 Rd7 33. Qe2 Re4 34. Rfc1 Qf8 35. Qb2 Qxh6+ 36. Kg1 Rd8 37. Qb5 Qg5 38. Qa4 h5 39. Qxa7 h4 40. Qc7 h3 41. Qh2 0-1

[Event "Biel MTO op"]
[Site "Biel"]
[Date "1998.??.??"]
[Round "8"]
[White "Pikula, Dejan"]
[Black "Wielecki, Zygmunt"]
[Result "1-0"]
[WhiteElo "2440"]
[BlackElo "2240"]
[PlyCount "71"]
[EventDate "1998.07.21"]
[EventType "swiss"]
[EventRounds "11"]
[EventCountry "SUI"]
[SourceTitle "EXT 1999"]
[Source "ChessBase"]
[SourceDate "1998.11.16"]
[SourceVersion "1"]
[SourceVersionDate "1998.11.16"]
[SourceQuality "1"]

1. e4 e5 2. Bc4 Nf6 3. d3 c6 4. Nf3 Be7 5. Bb3 0-0 6. 0-0 d6 7. c3 Nbd7 8. Re1 Re8 9. Nbd2 Bf8 10. Nf1 g6 11. Ng3 Bg7 12. d4 Qe7 13. h3 Nf8 14. Be3 Kh8 15. Bc2 Ng8 16. Qd2 f6 17. Nh2 Ne6 18. Rad1 Nd8 19. f4 Nf7 20. Qf2 b6 21. h4 Ngh6 22. f5 gxf5 23. exf5 d5 24. Nh5 Rg8 25. dxe5 Nxe5 26. Bd4 Nhf7 27. Nf3 Nxf3+ 28. Qxf3 Qd8 29. b4 a5 30. Re6 Bxe6 31. fxe6 Nd6 32. Nxg7 Kxg7 33. Rf1 Ne8 34. Qh5 Qe7 35. Bxh7 Rh8 36. Qg6+ 1-0

[Event "Polanica Zdroj op"]
[Site "Polanica Zdroj"]
[Date "1998.??.??"]
[Round "?"]
[White "Wielecki, Zygmunt"]
[Black "Bystrov, Sergej Mikhailovich"]
[Result "1-0"]
[WhiteElo "2230"]
[BlackElo "2320"]
[PlyCount "81"]
[EventDate "1998.??.??"]
[EventType "swiss"]
[EventRounds "10"]
[EventCountry "POL"]
[SourceTitle "EXT 2003"]
[Source "ChessBase"]
[SourceDate "2002.11.25"]
[SourceVersion "1"]
[SourceVersionDate "2002.11.25"]
[SourceQuality "1"]

1. d4 d5 2. c4 dxc4 3. Nf3 Nf6 4. Qa4+ c6 5. Qxc4 Bf5 6. Nc3 e6 7. Nh4 Nbd7 8. Nxf5 exf5 9. e3 Bd6 10. g3 0-0 11. Bg2 Re8 12. 0-0 g6 13. b4 a6 14. Qb3 Qe7 15. Rb1 Rac8 16. Na4 h5 17. Nc5 Nb6 18. a4 Nbd5 19. Bd2 Ne4 20. Nxe4 fxe4 21. b5 axb5 22. axb5 h4 23. Bh3 Qg5 24. Bxc8 Rxc8 25. Qd1 hxg3 26. f4 exf3 27. Qxf3 f5 28. h3 Nf6 29. bxc6 bxc6 30. Bb4 Bxb4 31. Rxb4 Re8 32. Rb3 Ne4 33. Ra1 Qh4 34. Kg2 Ng5 35. Qxg3 Qe4+ 36. Kg1 Nf3+ 37. Kf2 Nh4 38. Rb7 c5 39. Rb8 Qc2+ 40. Kg1 Rxb8 41. Qxb8+ 1-0

[Event "Polanica Zdroj op"]
[Site "Polanica Zdroj"]
[Date "1998.??.??"]
[Round "?"]
[White "Wielecki, Zygmunt"]
[Black "Shcherbakov, Ruslan"]
[Result "0-1"]
[WhiteElo "2230"]
[BlackElo "2555"]
[PlyCount "52"]
[EventDate "1998.??.??"]
[EventType "swiss"]
[EventRounds "10"]
[EventCountry "POL"]
[SourceTitle "EXT 2003"]
[Source "ChessBase"]
[SourceDate "2002.11.25"]
[SourceVersion "1"]
[SourceVersionDate "2002.11.25"]
[SourceQuality "1"]

1. d4 Nf6 2. Nc3 d5 3. Bg5 c5 4. Bxf6 gxf6 5. e4 dxe4 6. dxc5 f5 7. Qxd8+ Kxd8 8. 0-0-0+ Bd7 9. g4 Bh6+ 10. Kb1 Bg7 11. Nge2 fxg4 12. Nxe4 Nc6 13. h3 Kc7 14. Nf4 Rae8 15. Nd5+ Kc8 16. hxg4 Bxg4 17. Bh3 Bxh3 18. Rxh3 h6 19. a3 Rd8 20. Rg1 Rxd5 21. Rxg7 Rf5 22. Rh4 Ne5 23. b4 Ng6 24. Rh2 Kd7 25. b5 Ke8 26. c6 Rxb5+ 0-1

[Event "Katowice Fibak op"]
[Site "Katowice"]
[Date "1993.??.??"]
[Round "4"]
[White "Chernikov, Oleg L"]
[Black "Wielecki, Zygmunt"]
[Result "1-0"]
[WhiteElo "2400"]
[BlackElo "2245"]
[PlyCount "67"]
[EventDate "1993.01.??"]
[EventType "swiss"]
[EventRounds "9"]
[EventCountry "POL"]
[SourceTitle "EXT 1998"]
[Source "ChessBase"]
[SourceDate "1997.11.17"]
[SourceVersion "1"]
[SourceVersionDate "1997.11.17"]
[SourceQuality "1"]

1. Nf3 d5 2. d4 Nf6 3. c4 c6 4. e3 e6 5. Nbd2 Nbd7 6. Bd3 Bd6 7. e4 dxe4 8. Nxe4 Nxe4 9. Bxe4 0-0 10. 0-0 Re8 11. Re1 h6 12. Bc2 Bf8 13. Qd3 g6 14. Bf4 Bg7 15. Rad1 b6 16. b4 a5 17. a3 axb4 18. axb4 Bb7 19. c5 Ba6 20. Qd2 g5 21. Bd6 bxc5 22. bxc5 Bc4 23. Ne5 Bd5 24. Ra1 Nf8 25. Qd3 f5 26. Qh3 Qf6 27. Qh5 Red8 28. Rab1 Nd7 29. Rb7 Ra2 30. Bb1 Rd2 31. Nxd7 Qxd4 32. Nf6+ Qxf6 33. Be5 Bf3 34. gxf3 1-0

[Event "Polanica Zdroj op"]
[Site "Polanica Zdroj"]
[Date "1992.??.??"]
[Round "5"]
[White "Wielecki, Zygmunt"]
[Black "Kubien, Jerzy"]
[Result "0-1"]
[WhiteElo "2310"]
[BlackElo "2280"]
[PlyCount "110"]
[EventDate "1992.??.??"]
[EventType "swiss"]
[EventRounds "10"]
[EventCountry "POL"]
[SourceTitle "EXT 1998"]
[Source "ChessBase"]
[SourceDate "1997.11.17"]
[SourceVersion "1"]
[SourceVersionDate "1997.11.17"]
[SourceQuality "1"]

1. e4 Nc6 2. Nf3 e5 3. Bb5 Qe7 4. 0-0 Nd8 5. Re1 c6 6. Bf1 d6 7. b3 Qc7 8. Bb2 Nh6 9. d4 f6 10. Nbd2 Be7 11. a4 0-0 12. a5 Ne6 13. g3 Kh8 14. c4 c5 15. d5 Nd4 16. Nxd4 exd4 17. b4 Bg4 18. f3 Bd7 19. Nb3 b6 20. Bc1 Nf7 21. Bd3 Ne5 22. f4 Bg4 23. Be2 Bxe2 24. Qxe2 d3 25. Qd1 Nxc4 26. b5 a6 27. bxa6 b5 28. Qxd3 Rxa6 29. Bd2 Nxd2 30. Qxd2 Rfa8 31. Rec1 Qa7 32. Qe3 Bf8 33. Kg2 Qb7 34. Qc3 f5 35. Qf3 fxe4 36. Qxe4 Qe7 37. Re1 Qf6 38. Rab1 R6a7 39. Qf3 c4 40. Nd2 Qd4 41. Red1 Rxa5 42. Ne4 Ra2+ 43. Kh3 Qa7 44. f5 Qd7 45. Qg4 Be7 46. Nc3 Rf2 47. Re1 Rxf5 48. Re6 Raf8 49. Rxb5 Rg5 50. Qxc4 Rc8 51. Qb3 Qe8 52. Ne4 Qh5+ 53. Kg2 Rf5 54. Qd3 Rc2+ 55. Nd2 Rxd2+ 0-1

[Event "POL-chB"]
[Site "Bielsko Biala"]
[Date "1991.??.??"]
[Round "8"]
[White "Oliwa, Marek"]
[Black "Wielecki, Zygmunt"]
[Result "0-1"]
[WhiteElo "2310"]
[BlackElo "2350"]
[PlyCount "79"]
[EventDate "1991.??.??"]
[EventType "swiss"]
[EventRounds "11"]
[EventCountry "POL"]
[SourceTitle "EXT 1997"]
[Source "ChessBase"]
[SourceDate "1996.11.15"]
[SourceVersion "1"]
[SourceVersionDate "1996.11.15"]
[SourceQuality "1"]

1. d4 c6 2. Nf3 d5 3. c3 Nf6 4. Bf4 Bf5 5. Nbd2 e6 6. e3 Bd6 7. Qb3 Bxf4 8. exf4 Qc7 9. Ne5 0-0 10. h3 Nbd7 11. g4 Bg6 12. Qd1 c5 13. h4 cxd4 14. cxd4 Nxe5 15. fxe5 Ne4 16. h5 Nxd2 17. Qxd2 Be4 18. Rh3 f5 19. g5 f4 20. f3 Bf5 21. Rh1 Rac8 22. Bd3 Bxd3 23. Qxd3 Qb6 24. Rh2 Rc4 25. Rd2 Rf5 26. b3 Rc6 27. Rg2 Qb4+ 28. Qd2 Rc3 29. Rd1 Rf8 30. Kf2 Rfc8 31. Qxf4 Rf8 32. Qg4 Rf5 33. Kg3 Qe7 34. Kh2 Rfxf3 35. Rdd2 g6 36. Rdf2 Qf7 37. Rxf3 Rxf3 38. Rc2 gxh5 39. Rc8+ Kg7 40. Rc7 0-1

[Event "POL-chB"]
[Site "Bielsko Biala"]
[Date "1991.??.??"]
[Round "?"]
[White "Wielecki, Zygmunt"]
[Black "Meczynski, Waldemar"]
[Result "1-0"]
[WhiteElo "2350"]
[BlackElo "2205"]
[PlyCount "105"]
[EventDate "1991.??.??"]
[EventType "swiss"]
[EventRounds "11"]
[EventCountry "POL"]
[SourceTitle "EXT 1997"]
[Source "ChessBase"]
[SourceDate "1996.11.15"]
[SourceVersion "1"]
[SourceVersionDate "1996.11.15"]
[SourceQuality "1"]

1. e4 c5 2. Nf3 e6 3. d4 cxd4 4. Nxd4 Nf6 5. Nc3 Nc6 6. Ndb5 d6 7. Bf4 e5 8. Bg5 a6 9. Na3 b5 10. Bxf6 gxf6 11. Nd5 Bg7 12. Bd3 Ne7 13. Nxe7 Qxe7 14. c4 f5 15. 0-0 0-0 16. Qh5 Rb8 17. exf5 e4 18. Rae1 Bb7 19. b3 bxc4 20. bxc4 d5 21. Nb1 Qb4 22. f6 Bxf6 23. Qg4+ Bg7 24. cxd5 f5 25. Qf4 a5 26. a3 Qb3 27. Be2 Bxd5 28. Rc1 Qb2 29. Rfe1 Be5 30. Qg5+ Kh8 31. Bf1 Rb7 32. Red1 Rg7 33. Qh6 Bb7 34. Nd2 e3 35. Qxe3 Rfg8 36. Nf3 Bb8 37. Qc3 Qa2 38. Rb1 Qf7 39. g3 Bd5 40. Ng5 Qd7 41. Bg2 Qc8 42. Qb2 Bc4 43. Rbc1 h6 44. Nf7+ Kh7 45. Nd6 Bxd6 46. Rxd6 Qf8 47. Qd2 Rc7 48. Bd5 Rg4 49. Bxc4 Rcxc4 50. Rb1 Rc7 51. Rbb6 Kg8 52. Rd8 Rc1+ 53. Kg2 1-0

[Event "Bielsko Biala op"]
[Site "Bielsko Biala"]
[Date "1990.??.??"]
[Round "11"]
[White "Bus, Mariusz"]
[Black "Wielecki, Zygmunt"]
[Result "0-1"]
[WhiteElo "2335"]
[BlackElo "2305"]
[PlyCount "46"]
[EventDate "1990.??.??"]
[EventType "swiss"]
[EventRounds "11"]
[EventCountry "POL"]
[SourceTitle "EXT 1997"]
[Source "ChessBase"]
[SourceDate "1996.11.15"]
[SourceVersion "1"]
[SourceVersionDate "1996.11.15"]
[SourceQuality "1"]

1. e4 Nf6 2. d3 d5 3. Nd2 Nc6 4. Ngf3 Bg4 5. Be2 e6 6. e5 Nd7 7. d4 f6 8. exf6 Qxf6 9. c3 Bd6 10. h3 Bh5 11. 0-0 0-0-0 12. b4 g5 13. Nb3 Rdg8 14. Ne5 Ncxe5 15. Bxh5 g4 16. f4 Nf3+ 17. Kh1 Qh4 18. Bxg4 Rxg4 19. Rxf3 Rhg8 20. Qe2 Nf6 21. Bd2 Ne4 22. Raf1 Qh5 23. Nc5 Rxg2 0-1